000 00578nam a2200145 a 4500
008 120416s1981 ||||||||||||||||| || u
050 _aIMF(08)
100 _aGold, Joseph
245 1 4 _aThe Multilateral system of payments
246 _akeynes, covertibility, and the international monetary fund's articles of agreement
260 _aWashington, D. C.
_bInternational Monetary Fund
_c1981
300 _aiii, 31p. : ill.
350 _a0.00
995 _D0.00
_FCBU-MAIN LIBRARY (Kitwe)
_H1
_I5.00
_UAVAILABLE
_ZInternational Publications
999 _c51765
_d51765